Tomorrow X Together (TXT) - Une lettre, une chanson - Statistiques

Statistiques générales
  • Ce quiz a été pris 46 fois
    8 depuis la dernière actualisation
  • Le résultat moyen est 10 sur 25
Statistiques - réponses
Hint Réponse % Correct
D Dance With You / Danger / Dear Sputnik / Deep Down / Deja Vu / Devil by the Window / Do It Like That / Drama / Dreamer / Intro: DREAMING / Dream of Mine
86%
Chiffres 0X1=LOVESONG (I Know I Love You) / 20cm / 21st Century Romance / 9 and Three Quarters (Run Away)
71%
B Back for More / Beautiful Strangers / Bed of Thorns / Bird of Night / Blue Hour / Blue Orangeade / Blue Spring
71%
C Can We Just Leave the Monster Alive? / Can't Stop / Can't you See Me? / Cat & Dog / Chasing That Feeling / CROWN
71%
G Ghost Girl / Ghosting / Outro: GLOW / Good Boy Gone Bad / Goodbye Now / Growning Pain
71%
A Angel or Devil / Anti-Romantic
57%
F Fairy of Shampoo / Outro: FALLING / Farewell, Neverland / Intro: FLOATING / Force / Forty One Winks / Free Falling / Frost
57%
M Magic / Magic island / Maze in the Mirror / Miracle / MOA Diary (Dubaddu Wari Wari)
57%
S Skipping Stones / Intro: SPARKS / Song of the Stars / So What / SSS (Sending Secrets Signals) / Step by Step / Stick With You / Outro: STILL / Sugar Rush Ride / Sunday Driver
57%
E Eternally / Everlasting Shine / EYES
43%
L LO$ER=LO♡ER / Lonely Boy (The tattoo on my ring finger) / Love Language / Love Sight / Love Story
43%
N Nap of a star / New Rules / No Rules
43%
O Open Always Wins / Opening Sequence / Our Summer / Over the Moon
43%
R Resist (Not Gonna Run Away) / Ring / Rise / Roller Coasters
43%
T Take me to Nirvana / Take My Half / Thursday's Child Has Far To Go / Tinnitus (Wanna be a rock) / Trust Fund Boy
43%
H Happily Ever After / Happy Fools / Heaven / Higher than Heaven / Hitori no Yoru / Hydrangea Love
29%
P Poppin' Star / PUMA
29%
Q Quarter Life
29%
W Way Home / We Lost The Hour / We'll Never Change / What if I had been that PUMA / When the Day Comes / Where Do You Go? / Wishlist
29%
I I'll See You There Tomorrow / Ice Cream / Ito
14%
K Kitto Zutto
14%
V Valley of Life / The Villa (I Belong to You)
14%
Symboles - --- -- --- .-. .-. --- .-- (Tomorrow)
0%
U Upside Down Kiss
0%
Y Your Light
0%
Aucun quiz correspondant
Distribution des résultats
% des personnes avec chaque résultat
Percentile par nombre de réponses
Votre historique - résultats
Vous n’avez pas pris ce quiz depuis la dernière actualisation